Teaching Short Stories: (Record no. 172254)

MARC details
000 -LEADER
fixed length control field 00504nam a22001817a 4500
005 - DATE AND TIME OF LATEST TRANSACTION
control field 20200130141100.0
010 ## - LCCN (DPL NO)
LC control number ENG-127575
020 ## - INTERNATIONAL STANDARD BOOK NUMBER
International Standard Book Number 9789388927376
Terms of availability 200.00
035 ## - SYSTEM CONTROL NUMBER
System control number EN-111107
037 ## - SOURCE OF ACQUISITION
Source of stock number/acquisition DBAD/PUB
082 ## - DEWEY DECIMAL CLASSIFICATION NUMBER
Classification number 370
100 ## - MAIN ENTRY--PERSONAL NAME
Personal name Imran Khan
245 ## - TITLE STATEMENT
Title Teaching Short Stories:
Statement of responsibility, etc by Imran Khan
260 ## - PUBLICATION, DISTRIBUTION, ETC. (IMPRINT)
Place of publication, distribution, etc Ahmedabad
Name of publisher, distributor, etc Vedant Publication
Date of publication, distribution, etc 2019
270 ## - ADDRESS
City Ahmedabad
Address Rajkot, Ahmedabad, Surat
Postal code 360001
300 ## - PHYSICAL DESCRIPTION
Extent 103p.
Other physical details 20cm(pbk)
942 ## - ADDED ENTRY ELEMENTS (KOHA)
Source of classification or shelving scheme Dewey Decimal Classification
Item type English Books
Classification part 370
Call number suffix IMR
Holdings
Withdrawn status Lost status Not for loan Collection code Home library Current library Date acquired Source of acquisition Cost, normal purchase price Full call number Barcode Copy number Cost, replacement price Koha item type
      Non-fiction Sarojini Nagar Sarojini Nagar 30/01/2020 DBAD/PUB 200.00 370 IMR EN-111107 1 200.00 English Books

© Delhi Public Library
Hit Counter
free hit counter